| 000 | 00667nam a2200205Ia 4500 | ||
|---|---|---|---|
| 001 | 7386 | ||
| 003 | GE_BSU | ||
| 008 | 181216s||||||||xx |||||||||||||| ||und|| | ||
| 040 | _cGE_BSU | ||
| 100 | _aДидык,В.П. Шапран,И.С. | ||
| 245 | _aСправочник по ремонтно-строительным работам в жилых и общественных зданиях. | ||
| 245 | _cРед. Э.А.Полторацкая. | ||
| 250 | _aИзд. второе, перераб. и допол. | ||
| 260 | _aКиев. | ||
| 260 | _bБудiвельник. | ||
| 260 | _c1965. | ||
| 300 | _a486стр.17см. | ||
| 300 | _eтабл. | ||
| 942 | _cBK | ||
| 999 |
_c40747 _d40747 |
||